000 00570nam a2200205 a 4500
001 23455
003 CO-ViMGA
008 141112s2004 ck r 000 u spa d
020 _a9580470812
040 _aCO-ViMGA
_bspa
_cCO-ViMGA
082 0 4 _aA863.6 B475u
100 1 _aBirmajer, Marcelo
245 1 0 _aUna vida mas :
_bnoticias extrañas iv /
_cMarcelo Birmajer
260 _aColombia :
_bNorma
300 _a112 p. /21 cm
490 _aZona libre
650 1 4 _aInvestigación - Novela juvenil
_933816
650 1 4 _aNovela juvenil argentina
_9354
942 _2ddc
_cBK
999 _c31605
_d31605